Hercule Poirot Countries Visited - Sudden Death - Statistics

General Stats
  • This quiz has been taken 33 times
  • The average score is 6 of 17
Answers on the Grid
Answers color-coded by a green-red scale on the quiz's grid according to % correct below.
USA
Germany
Poland
Russia
Montenegro
India
Japan
China
Iceland
Sweden
Oman
Bahrain
Turkmenistan
Uzbekistan
Romania
Estonia
Spain
Belgium
Bulgaria
Croatia
Egypt
France
Greece
Iraq
Ireland
Israel
Italy
Jordan
Morocco
Serbia
Switzerland
Syria
Türkiye
UK
 
Answer Stats
Answer % Correct
France
71%
UK
71%
Belgium
67%
Egypt
57%
Türkiye
57%
Greece
43%
Switzerland
38%
Iraq
33%
Italy
29%
Serbia
29%
Syria
29%
Bulgaria
24%
Croatia
19%
Ireland
19%
Israel
19%
Jordan
19%
Morocco
5%
No matching quizzes found
Score Distribution
Percent of People with Each Score
Percentile by Number Answered
Your Score History
You have not taken this quiz